La energía nuclear y la proliferación de armas nucleares . Informe del grupo de trabajo sobre política de combustibles nucleares

Tallennettuna:
Bibliografiset tiedot
Yhteisötekijä: El Consejo Atlántico de los Estados Unidos
Aineistotyyppi: Teksti
Julkaistu: México D.F.: Noema
Tagit: Lisää tagi
Ei tageja, Lisää ensimmäinen tagi!

MARC

LEADER 00000 a a2200000 04500
001 25334
003
040
090 |a 181100  
110 |a El Consejo Atlántico de los Estados Unidos  
245 |a La energía nuclear y la proliferación de armas nucleares . Informe del grupo de trabajo sobre política de combustibles nucleares  
260 |a México D.F.:   |b Noema  
300 |a 176 p  
999 |c 6193  |d 6193